| Поле | Инд. | ПП | Название | Значение |
|---|---|---|---|---|
| Тип записи | a | |||
| Библиографический уровень | a | |||
| 001 | Контрольный номер | e6b40113e5274004ac4faaa309758b5e | ||
| 005 | Дата корректировки | 20160622113747.1 | ||
| 020 | a | ISBN | 5-9540-0023-9 | |
| 040 | a | Служба первич. каталог. | НБ ТвГУ | |
| b | Код языка каталог. | rus | ||
| e | Правила каталог. | PSBO | ||
| 041 | 0_ | a | Код языка текста | rus |
| 097 | b | Оператор | novikova | |
| 100 | 1_ | a | Автор | Кривых Лидия Викторовна |
| q | Полное имя | Кривых Л. В. | ||
| 245 | 10 | a | Заглавие | Коммуникация: человек как «текст» |
| 260 | a | Место издания | Москва | |
| b | Издательство | ИФРАН | ||
| 504 | a | Библиография | Библиогр. в примеч.: с. 122 (12 назв.) | |
| 520 | 0_ | a | Аннотация | Освоив «свой язык», свою социокультурную знаковую систему, индивид в процессе общения предстает как целостный «текст». |
| 653 | 0_ | a | Ключевые слова | Коммуникация |
| a | Ключевые слова | Человек | ||
| a | Ключевые слова | Текст | ||
| a | Ключевые слова | Язык | ||
| a | Ключевые слова | Общение | ||
| a | Ключевые слова | Личность | ||
| 773 | 18 | w | Контрольный № источника | a943001c26524f1faa5598da1aef7500 |
| t | Название источника | Противоречие и дискурс | ||
| d | Место и дата издания | Москва : ИФРАН, 2005 | ||
| g | Прочая информация | С. 108-122 | ||
| 901 | t | Тип документа | a | |
| 920 | a | Оператор | Нови |